Tilastot visalle Euroopan maantiedettä kirjaimittain - M

Klikkaa tästä pelataksesi tätä visaa!

Yleistilastot

  • Tätä visaa on pelattu 523 kertaa
  • Keskiarvotulos 15 / 20

Vastaustilastot

VihjeVastaus% Oikein
Espanjan pääkaupunkiMadrid
98%
Venäjän pääkaupunkiMoskova
97%
Saarivaltio VälimeressäMalta
96%
Ahvenanmaan hallintokeskus ja ainoa kaupunkiMaarianhamina
93%
Valko-Venäjän pääkaupunkiMinsk
93%
Valtio Albanian pohjoispuolellaMontenegro
92%
Maailman tiheimmin asutettu valtioMonaco
90%
Ukrainan ja Turkin välissä sijaitseva meri{Musta}meri
90%
Italian talouden keskuskaupunki ja yksi maailman muodin keskuksistaMilano
87%
Euroopan köyhin valtioMoldova
86%
Englannin kolmanneksi suurin kaupunkiManchester
82%
Baijerin pääkaupunkiMünchen
76%
Pääosin Kreikan pohjoisosissa sijaitseva historiallinen alue, jossa Aleksanteri Suuri syntyiMakedonia
74%
Ranskan etelärannikon suurin kaupunkiMarseille
70%
Juutinrauman sillan itäisessä päässä oleva kaupunkiMalmö
69%
Suurin Espanjalle kuuluvista BaleaareistaMallorca
49%
Frankfurt sijaitsee tämän joen varrellaMain
47%
Kuuluisa vuori Sveitsin ja Italian välisellä rajallaMatterhorn
38%
Tukholmassa ja sen länsipuolella sijaitseva Ruotsin kolmanneksi suurin järviMälaren
35%
Turkin Euroopan ja Aasian puoleiset osat erottava meri{Marmaran}meri
30%

Tulosjakauma

Persentiili vastausten määrän mukaan

Jokaisen tuloksen saaneiden osuus

Tuloshistoriasi

Et ole pelannut tätä visaa